000
00343nam a2200145Ia 4500
008
150201s2013 xx 000 0 und d
082
_a
615
_b
P13S
100
_a
SHARMA, H.L.
245
_a
PRINCIPLES OF PHARMACOLOGY
250
_a
2ND
260
_b
PARAS PUB.
_a
DELHI
_c
2013
300
_a
1-954
650
_a
PHARMACOLOGY
942
_2
ddc
_c
BK
_0
29
999
_c
1657
_d
1657